Books of the Bible New Testament - Statistics

General Stats
  • This quiz has been taken 140 times
  • The average score is 22 of 27
Answer Stats
Answer % Correct
Mark
100%
1 John
99%
John
99%
Matthew
98%
Luke
97%
Acts
91%
Revelation
91%
2 John
87%
Romans
87%
1 Corinthians
84%
2 Corinthians
84%
3 John
82%
1 Peter
80%
Ephesians
78%
2 Peter
77%
Galatians
77%
1 Timothy
76%
2 Timothy
75%
1 Thessalonians
71%
2 Thessalonians
71%
Hebrews
71%
James
71%
Jude
71%
Colossians
69%
Titus
67%
Philippians
64%
Philemon
60%
No matching quizzes found
Score Distribution
Percent of People with Each Score
Percentile by Number Answered
Your Score History
You have not taken this quiz